General Knowledge #11 - Statistics

General Stats
  • This quiz has been taken 59 times
  • The average score is 11 of 15
Answer Stats
Question Answer % Correct
How many chambers does the heart have? 4
96%
In which country was Adolf Hitler born? Austria
96%
In which U.S. city is broadway located? New York City
96%
How many lord of the rings films are there? 3
92%
Which country invented tea? China
92%
What scale is an earthquake measured with? Richter
84%
What is the symbol for potassium? K
82%
What were Egyptian rulers called? Pharaoh
82%
Which city was JFK assassinated in? Dallas
80%
What is the proper term for deer meat? Venison
78%
What animals or pearls found in? Oysters
73%
What’s the primary ingredient in hummus? Chickpeas
71%
What is the study of weather called? Meterology
39%
What was Superman’s birth name? Kal-El
33%
Which bones are babies born without? Kneecaps
18%
No matching quizzes found
Score Distribution
Percent of People with Each Score
Percentile by Number Answered
Your Score History
You have not taken this quiz